000 00328nam a22001457a 4500
020 _qHB.
040 _cFIZZA ISHAQ
082 _a005.8
_bMAR
100 _aSTAMP,MARK.
_989650
245 _aINFORMATION SECURITY /
_cMARK STAMP.
250 _a2nd ED.
260 _aJOHN WILEY ;
_c2011.
300 _a582 P. ;
942 _2ddc
_cBK
999 _c588284
_d588284